El príncipe Serebriany / (Registro nro. 9325)

Detalles MARC
000 -CABECERA
Campo de control interno 01598nam a2200241Ia 4500
008 - ELEMENTOS DE LONGITUD FIJA - INFORMACIÓN GENERAL
Campo de control de longitud fija 260220t1945||||xx |||||||||||||| ||spa||
040 ## - FUENTE DE CATALOGACIÓN
Agencia de catalogación original PY-SlUNAC
Idioma de catalogación spa
Convenciones de descripción rda
041 ## - CÓDIGO DE IDIOMA
Código de idioma para texto/pista de sonido o título separado spa
082 ## - NÚMERO DE CLASIFICACIÓN DECIMAL DEWEY
Clasificación Decimal Dewey (CDD) 863
Clasificación Expansiva de Cutter (EC) T654p
100 ## - ASIENTO PRINCIPAL - NOMBRE PERSONAL
Nombre personal Tolstoy, Alexis
Rol del autor Autor
245 #0 - TÍTULO
Título El príncipe Serebriany /
Mención de responsabilidad por Alexis Tolstoy [Autor]
264 ## - PIE DE IMPRENTA
Lugar Barcelona :
Editorial Apolo,
Año ℗1945.
300 ## - DESCRIPCIÓN FÍSICA
Páginas 1 volumen
520 ## - NOTA DE RESUMEN
Nota de resumen "El príncipe Serebriany" de Alexis Tolstoy es una novela que se sitúa en el contexto de la Rusia imperial y explora la vida de un príncipe de la nobleza, quien se enfrenta a los conflictos internos y externos que surgen de su posición privilegiada. A través de una prosa rica y evocadora, el autor presenta una crítica social a las estructuras de poder y a la decadencia de la aristocracia, en un momento donde los ideales románticos chocan con la dura realidad. La obra aborda temas universales como el amor, la traición, la ambición y el sentido del deber, revelando los dilemas morales que enfrenta el protagonista. A medida que avanza la trama, el príncipe se ve obligado a reevaluar su lealtad hacia su familia y su país, poniendo en tela de juicio los valores que le han sido inculcados. Este relato, impregnado de lirismo y profundidad psicológica, invita a la reflexión sobre la identidad y el destino en un mundo en transformación.
651 ## - MATERIA - NOMBRE GEOGRÁFICO
Materia - nombre geográfico Rusia
653 ## - MATERIA - TÉRMINO TEMÁTICO NO CONTROLADO (PALABRAS CLAVE)
Materia - término temático no controlado (palabras clave) Literatura
653 ## - MATERIA - TÉRMINO TEMÁTICO NO CONTROLADO (PALABRAS CLAVE)
Materia - término temático no controlado (palabras clave) Narrativa
942 ## - ELEMENTOS PERSONALIZADOS (KOHA)
Fecha catalogación 2026/02/17
Tipo de documento Libros
Existencias
Fuente de Clasificacion Colección Ubicacion permanente Biblioteca actual Fecha de Ingreso a la Biblioteca Origen de adquisición Código de ubicación Código de barras Tipo de Item KOHA Nota pública
Dewey Decimal Classification Colección General (CG) Biblioteca e Internet, Facultad de Ciencias Exactas y Naturales Biblioteca e Internet, Facultad de Ciencias Exactas y Naturales 02/20/2026 Donación 863 T654p CG2685 Libros Material disponible en la Biblioteca e Intenet, Campus UNA, San Lorenzo.